000 00656nam a2200157 a 4500
008 120416nuuuuuuuu||||||||||||||||| || u
050 _aJF 1571 Rec
245 0 0 _aRecent writings on administrative law
260 _aLusaka
_bUNZA
_c(nd)
300 _a475p.
350 _a0.00
650 _aADMINISTRATIVE LAW
650 _aADMINISTRATION
995 _aANNEX COLLECTION (Main Library)
_D0.00
_e703730
_FCBU-MAIN LIBRARY (Kitwe)
_H2
_I0.00
_jJF 1571 Rec
_M2
_UAVAILABLE
_y007585
_ZAnnex Low-Usage Collection
995 _aANNEX COLLECTION (Main Library)
_D0.00
_e703729
_FCBU-MAIN LIBRARY (Kitwe)
_H1
_I0.00
_jJF 1571 Rec
_M1
_UAVAILABLE
_y007584
_ZAnnex Low-Usage Collection
999 _c79996
_d79996